00503nam a2200145Ia 4500008004100000041000800041082001500049100002200064245004500086260004500131300003200176365001100208999001700219952012100236240624s9999 xx 000 0 und d aeng a332.64 RAJ aRAJAN RAMKISHEN S aCRISIS CAPITAL FLOWS AND FDI IN EMERGING c2011aNew DelhibOxford University Press axxvi, : 247 : p. : cm. ; 23 cRSb32 c19043d19043 00104070aIMTNbIMTNcRack 12-Bd2012-05-16eAPg695.00o332.64 RAJp19043r2024-06-24 00:00:00t1w2024-06-24yBK